000 01182nam a2200337 a 4500
001 62620
003 BD-RjUL
005 20211209081114.0
008 170124s1958 enka 000 0 eng d
035 _aBD-RjUL 62746
035 _a(OCoLC)02382611
035 _aGLIS00534908
040 _aDLC
_cITD
_dm.c.
_dOCL
_dm/c
_dRCD
_dBD-RjUL
_beng
041 _aeng
082 _223
_a828.609
_bLUS 1959
090 _aPR3533
_b.L933
099 _aPR3533.L933
100 1 _aLucas, F. L.
_q(Frank Laurence),
_d1894-1967.
_9185932
245 1 4 _aThe search for good sense :
_bfour eighteenth-century characters: Johnson, Chesterfield, Boswell [and] Goldsmith /
_cF. L. Lucas
260 _aLondon :
_bCassell,
_c1958 [reprint 1959]
300 _a354 p. :
_bill. ;
_c23 cm.
500 _aSequel: The art of living.
600 1 0 _aJohnson, Samuel,
_d1709-1784.
_9186145
600 1 0 _aChesterfield, Philip Dormer Stanhope,
_cEarl of,
_d1694-1773.
_9186146
600 1 0 _aBoswell, James,
_d1740-1795.
_9186147
600 1 0 _aGoldsmith, Oliver,
_d1730?-1774.
_9186148
650 0 _aEighteenth century.
_9186149
942 _2ddc
_cBK
949 _aMYGH
_b39080004611189
999 _c62620
_d62620